00271nam a2200121Ia 4500100001700000490000700017654001900024245003200043260003600075082001800111300000800129546001200137 aJhamb / L.C  vII aTechniques VII aQuantitative techniques VII bEverest Pub.HouseaMumbaic1997 a658.4033bJHA a566 aENGLISH